හදවතට තුරුලු වූ කතාවක්.

Saved in:
Bibliographic Details
Main Author: ශාන්ති කුමාරි
Format: Book
Published: රාජගිරිය. ඩී.ඒ. නන්දනී කුමාරි ; 1968.
Subjects:
Tags: Add Tag
No Tags, Be the first to tag this record!

MARC

LEADER 00000nam a2200000 a 4500
003 LK-CoNLD
005 20231012145222.0
008 231012b |||||||| |||| 00| 0 ||| d
040 |b SIN  |c LK-CoNLD 
100 |a ශාන්ති කුමාරි 
245 |a හදවතට තුරුලු වූ කතාවක්.  |c /ශාන්ති කුමාරි. 
260 |a රාජගිරිය.  |b ඩී.ඒ. නන්දනී කුමාරි ;  |c 1968. 
300 |a පි. 206  |b රු.257.50 
500 |a MW3719 මිල තීරණය කිරීමේ මාර්ගෝපදේශයට අනුව සකසන ලද මිලරු. 257.50 
653 |a Sinhalese stories 
942 |c BOOK 
999 |c 116153  |d 116153 
945 |c 13  |d Ruwanthi NILMINI